Alle Ausfahrten der Rheintal/Walgau-Autobahn (A14) - Statistiken

Allgemein
  • Dieses Quiz wurde 48 mal gespielt
  • Das Durchschnittsergebnis liegt bei 12 aus 19
Antwortstatistiken
km Bz. Ausfahrt % Korrekt
9,0 B Bregenz
100%
59,0 BZ Bludenz-Bürs
92%
61,2 BZ Bludenz-Montafon
88%
56,5 BZ Bludenz / Nüziders
88%
14,2 DO Dornbirn-Nord
83%
19,9 DO Dornbirn-Süd
83%
17,9 DO Dornbirn-West
83%
35,7 FK Feldkirch-Nord
79%
41,1 FK Feldkirch-Süd
79%
23,2 DO Hohenems
79%
34,7 FK Rankweil
54%
26,5 FK Altach
46%
1,2 B Hörbranz / Lochau
46%
49,9 BZ Nenzing / Bludesch
46%
9,6 B Lauterach
42%
12,4 B Wolfurt
38%
29,3 FK Götzis
33%
57,6 BZ Brandnertal
25%
31,4 FK Klaus / Koblach
25%
Keine übereinstimmenden Quizze gefunden
Verteilung der Resultate
Anzahl Personen mit jedem Resultat
Perzentil nach korrekt beantworteten Fragen
Ihre Resultats-Entwicklung
Sie haben dieses Quiz noch nicht gespielt